000 00665cam a22002171a 4500
001 ne 63002047
003 DLC
005 20260227111750.0
008 920921s1961 ua a 000 0 ara
010 _ane 63002047
035 _a(OCoLC)26641619
040 _aDLC
_cMWalB
_dMWalB
_dDLC
042 _apremarc
050 0 0 _aQE461
_b.A7
100 1 _aʻAqqād, Muḥammad Kamāl.
245 1 0 _aʻIlm al-ṣukhūr al-nārīyah/
_ctaʼlīf Muḥammad Kamāl al-ʻAqqād.
260 _aAsyūṭ :
_bDār al-Maʻārif,
_c1961.
300 _a328 p. :
_bill. ;
_c25 cm.
490 0 _aJāmiʻat Asyūṭ. Silsilat al-kutub al-dirāsīyah ;
_v10
650 0 _aIgneous rocks.
999 _c46300
_d46300